000 00539nam a2200193Ia 4500
005 20250317130732.0
008 008 250317s9999 xx 000 0 eng d
020 _a81-7100-846-43
037 _aTextbook
040 _aFMSL
_beng
_cFMSL
041 _aeng
_2eng
084 _aX7243 N6
_qFMSL
100 _aKotrappa G
245 0 _aCorporate taxation and capital formations
260 _aNew Delhi
_bNew Delhi, Deep & Deep
_c1996
300 _a219p
942 _cTB
_hX7243 N6
999 _c1265052
_d1265052